The cash flow model with float (Registro nro. 30358)
[ vista simple ]
| 000 -LEADER | |
|---|---|
| fixed length control field | 00322 a2200109 4500 |
| 001 - CONTROL NUMBER | |
| control field | ART_28074 |
| 005 - DATE AND TIME OF LATEST TRANSACTION | |
| control field | 20260410161951.0 |
| 008 - FIXED-LENGTH DATA ELEMENTS--GENERAL INFORMATION | |
| fixed length control field | 260409a |
| 100 1# - MAIN ENTRY--PERSONAL NAME | |
| Personal name | Apreda, Rodolfo |
| 245 10 - TITLE STATEMENT | |
| Title | The cash flow model with float |
| 773 0# - HOST ITEM ENTRY | |
| Title | Journal of applied economics |
| Related parts | - Vol. 2, Nº 2 (nov. 1999) |
| Record control number | REV28044 |
No hay ítems disponibles.